|
|
|
|
| LEADER |
01217nam a2200277 a 4500 |
| 001 |
13210435 |
| 008 |
120325s2004 enk b 001 0 eng |
| 010 |
|
|
|a 2003053295
|
| 020 |
|
|
|a 0521804612 (hardback)
|
| 020 |
|
|
|a 0521011752 (pbk.)
|
| 040 |
|
|
|a DLC
|c DLC
|d DLC
|d BD-DhAAL
|
| 050 |
0 |
0 |
|a P119.3
|b .S666 2004
|
| 082 |
0 |
0 |
|a 306.44/9
|2 21
|
| 100 |
1 |
|
|a Spolsky, Bernard.
|
| 245 |
1 |
0 |
|a Language policy /
|c Bernard Spolsky.
|
| 260 |
|
|
|a Cambridge ;
|a New York :
|b Cambridge University Press,
|c 2004.
|
| 300 |
|
|
|a xi, 250 p. ;
|c 23 cm.
|
| 490 |
0 |
|
|a Key topics in sociolinguistics
|
| 504 |
|
|
|a Includes bibliographical references (p. 224-242) and index.
|
| 541 |
|
|
|e 00024822
|
| 650 |
|
0 |
|a Language policy.
|
| 650 |
|
0 |
|a Language planning.
|
| 852 |
1 |
|
|a Ayesha Abed Library
|c General shelf.
|
| 999 |
|
|
|c 12042
|d 12042
|
| 952 |
|
|
|0 0
|1 0
|2 ddc
|4 0
|6 306_449000000000000_SPO
|7 0
|9 19828
|a BRACUL
|b BRACUL
|c GEN
|d 2012-03-24
|e karim International
|g 2900.00
|l 4
|m 16
|o 306.449 SPO
|p 3010024822
|r 2014-12-09
|s 2014-11-25
|t 1
|w 2012-03-27
|y BK
|
| 952 |
|
|
|0 0
|1 0
|2 ddc
|4 0
|6 306_449000000000000_SPO
|7 0
|9 19829
|a BRACUL
|b BRACUL
|c GEN
|d 2012-03-24
|e karim International
|g 2900.00
|l 6
|m 59
|o 306.449 SPO
|p 3010024823
|q 2026-05-19
|r 2026-04-02
|s 2026-04-02
|t 2
|w 2012-03-27
|y BK
|